| 000 | 00794nam a22002297a 4500 | ||
|---|---|---|---|
| 999 |
_c2412 _d2412 |
||
| 003 | AR-CdUCM | ||
| 008 | 190304b ||||| |||| 00| 0 spa d | ||
| 040 |
_aMUNICIPALIDAD PROVINCIAL DEL CUSCO _cBIBLIOTECA MUNICIPAL DEL CUSCO |
||
| 082 |
_a341.2 / _bS31 |
||
| 100 |
_aSchreiber, Rupert _98661 |
||
| 245 | _aLógica del derecho / | ||
| 260 |
_aBuenos Aires : _bSur, _c1967. |
||
| 300 |
_a129 paginas ; _c20 cm. |
||
| 505 | _aCuestiones fundamentales de la lógica del derecho -- Sistema de la lógica del derecho -- Las leyes de la lógica como elemento del derecho ... | ||
| 650 |
_aDerecho _9739 |
||
| 650 |
_aLógica del derecho _98662 |
||
| 650 |
_aLeyes _94808 |
||
| 650 |
_aNormas jurídicas _98663 |
||
| 700 |
_aGarzón Valdés, Ernesto _98664 |
||
| 942 |
_2ddc _cLIBROS |
||
| 945 | _aacv | ||